000 00265nam a22001217a 4500
008 180212b xxu||||| |||| 00| 0 eng d
041 _aeng
080 _a33
100 _a52
101 _aECO
245 _aSURVEYS OF ECONOMIC THEORY 3
_cMAC.M
942 _2udc
_cBK
999 _c42306
_d42306